000 00373nam a2200133Ia 4500
008 151001s9999||||xx |||||||||||||| ||und||
100 _aदुर्गा - भागवत
245 _aबाणाची कादंबरी
250 _a1
260 _bवरदा प्रकाशन पुणे
260 _c1988
300 _a719
365 _b21
999 _c971491
_d971488